Normal view
MARC view
Entry Personal Name
001 - CONTROL NUMBER
- control field: 67827
003 - CONTROL NUMBER IDENTIFIER
- control field: BI-BuBU
005 - DATE AND TIME OF LATEST TRANSACTION
- control field: 20130311173505.0
008 - FIXED-LENGTH DATA ELEMENTS
- fixed length control field: 130311|||a|||||| | ||| d
040 ## - CATALOGING SOURCE
- Original cataloging agency: BI-BuBU
- Transcribing agency: BI-BuBU
100 ## - HEADING--PERSONAL NAME
- Personal name: Micha, J. Claude
670 ## - SOURCE DATA FOUND
- Source citation: Work cat.: (BI-BuBU): aut Sibomana, Claver 67823, Etat actuel de la diversité piscicole dans la zone littorale du Lac Tanganyika, 2008
670 ## - SOURCE DATA FOUND
- Source citation: Work cat.: (BI-BuBU): aut Sibomana, Claver 67823, Etat actuel de la diversité piscicole dans la zone littorale du Lac Tanganyika, 2008